| Tag |
First Indicator |
Second Indicator |
Subfields |
| LEADER |
00000nam a2200000 4500 |
| 001 |
in00004190621 |
| 005 |
20200806082414.0 |
| 006 |
m g d |
| 007 |
cr bn |||a|bb| |
| 008 |
980721s1672 enk o 00 eng d |
| 035 |
|
|
|a (UnM)99888144
|
| 037 |
|
|
|a CL2105000002
|b ProQuest Information and Learning. 300 N. Zeeb Rd., Ann Arbor, MI 48106
|
| 040 |
|
|
|a Cu-RivES
|c Cu-RivES
|e dcrb
|
| 245 |
0 |
2 |
|a A summary relation of the holy congregation of our B. Lady of Succour, erected in the kingdom of New Granada; :
|b approved by his holiness Pope Innocent the X. and now newly instituted in her Majesties royal chappel at Somerset-House.
|
| 260 |
|
|
|a [London :
|b publisher not identified],
|c Printed in the year 1672.
|
| 300 |
|
|
|a 1 online resource (1 sheet ([1] pages).
|
| 336 |
|
|
|a text
|b txt
|2 rdacontent
|
| 337 |
|
|
|a computer
|b c
|2 rdamedia
|
| 338 |
|
|
|a online resource
|b cr
|2 rdacarrier
|
| 500 |
|
|
|a Place of publication from Wing CD-ROM, 1996.
|
| 500 |
|
|
|a Reproduction of original in the British Library.
|
| 510 |
4 |
|
|a Wing (CD-ROM, 1996)
|c S6173
|
| 510 |
4 |
|
|a Early English books tract supplement interim guide
|c 1897.c.19[29]
|
| 533 |
|
|
|a Electronic reproduction.
|b Ann Arbor, Mich. :
|c UMI,
|d 1999-
|f (Early English books online)
|n Digital version of: (Early English books; Tract supplement ; B2:2[157])
|7 s1999 miun s
|
| 610 |
2 |
0 |
|a Jesuites
|x Missions
|v Early works to 1800.
|
| 650 |
|
0 |
|a Indulgences
|v Early works to 1800.
|
| 830 |
|
0 |
|a Early English books online.
|
| 856 |
4 |
0 |
|u http://proxy.library.tamu.edu/login?url=https://search.proquest.com/docview/2248540061
|z Connect to the full text of this electronic book
|t 0
|
| 999 |
f |
f |
|s d2e9e5e9-0266-3576-8a5f-de8dfd12724b
|i 54aff410-e4ca-3920-8cc7-d6bd2b6060d3
|t 0
|
| 952 |
f |
f |
|a Texas A&M University
|b College Station
|c Electronic Resources
|d Available Online
|t 0
|h No information provided
|
| 998 |
f |
f |
|t 0
|l Available Online
|